[Event "EIWCC 2018"]
[Site "Vysoke Tatry"]
[Date "2018.04.08"]
[Round "1"]
[White "Theissl Pokorna, Regina"]
[Black "Trisha, Kanyamarala"]
[Result "1-0"]
[WhiteElo "2320"]
[BlackElo "2031"]
[Annotator "NA RC"]
[PlyCount "79"]
[EventDate "2018.??.??"]
[EventType "swiss"]
[EventCountry "SVK"]
[SourceTitle "playchess.com"]
[Source "ChessBase"]
[SourceQuality "1"]
[TimeControl "40/5400+30:1800+30"]

1. e4 {[%emt 0:00:00]} c6 {[%emt 0:00:14]} 2. d4 {[%emt 0:00:00]} d5 {[%emt 0:00:11]} 3. exd5 {[%emt 0:00:00]} cxd5 {[%emt 0:00:09]} 4. c4 {[%emt 0:00:00]} Nf6 {[%emt 0:00:43]} 5. Nc3 {[%emt 0:00:00]} Nc6 {[%emt 0:00:59]} 6. Bg5 {[%emt 0:00:46]} e6 {[%emt 0:07:53]} 7. Nf3 {[%emt 0:00:24]} Be7 {[%emt 0:00:43]} 8. c5 {[%emt 0:02:57]} O-O {[%emt 0:01:35]} 9. Bb5 {[%emt 0:00:27]} Ne4 {[%emt 0:03:43]} 10. Bxe7 {[%emt 0:00:09]} Nxe7 {[%emt 0:00:44]} 11. Rc1 {[%emt 0:01:34]} Bd7 {[%emt 0:14:10] B14: Caro-Kann: Panov-Botvinnik Attack with 5...e6 and 5...g6} (11... b6 12. c6 Qd6 13. O-O a6 14. Bd3 Nxc6 15. Nxe4 dxe4 16. Bxe4 Bb7 17. d5 exd5 18. Qxd5 Rad8 19. Rxc6 Qxd5 20. Bxd5 {½-½ (33) Naiditsch,A (2712)-Rodshtein,M (2645) Porto Carras 2011}) 12. Bd3 {[%emt 0:04:20]} f5 {[%emt 0:09:49]} 13. O-O {[%emt 0:00:13]} Nc6 {[%emt 0:07:05]} 14. a3 $146 {[%emt 0:10:15]} ({Predecessor:} 14. Bb5 Rb8 15. Qe2 Be8 16. Bxc6 bxc6 17. Ne5 Rb4 18. f3 Nxc3 19. bxc3 {1-0 (41) Hendriks,W (2431)-Brendel,O (2386) Germany 2010}) 14... Be8 {[%emt 0:06:35]} 15. Be2 {[%emt 0:18:04]} Qf6 {[%emt 0:08:31]} 16. Qd3 {[%emt 0:08:02]} g5 {[%emt 0:07:40]} 17. Rcd1 {[%emt 0:14:22]} Bg6 {[%emt 0:05:32]} 18. Ne1 {[%emt 0:09:40] [#]} f4 $1 {[%emt 0:05:00]} 19. Nxe4 $17 {[%emt 0:00:09]} dxe4 {[%emt 0:00:10]} 20. Qc3 {[%emt 0:00:04]} Rad8 {[%emt 0:01:37]} 21. Bc4 {[%emt 0:03:13]} Rfe8 {[%emt 0:04:03]} 22. Nc2 {[%emt 0:02:01]} Kg7 {[%emt 0:11:57]} 23. b4 {[%emt 0:17:52]} Ne7 {[%emt 0:01:48]} 24. b5 {[%emt 0:01:15]} Rc8 {[%emt 0:00:46]} 25. Qb3 {[%emt 0:02:28]} Nf5 {[%emt 0:00:46]} 26. Rfe1 {[%emt 0:00:10]} e5 {[%emt 0:00:33]} 27. dxe5 {[%emt 0:02:02]} Qxe5 {[%emt 0:00:28]} 28. Rd5 {[%emt 0:00:41]} Qe7 {[%emt 0:00:18]} 29. c6 {[%emt 0:00:29]} bxc6 {[%emt 0:00:37]} 30. bxc6 {[%emt 0:00:01]} Rc7 {[%emt 0:00:36]} 31. Qc3+ {[%emt 0:00:23]} Qf6 {[%emt 0:00:20]} 32. Rd7+ {[%emt 0:00:44]} Rxd7 {[%emt 0:00:22]} 33. Qxf6+ {[%emt 0:00:05]} Kxf6 {[%emt 0:00:06]} 34. cxd7 {[%emt 0:00:02]} Rd8 {[%emt 0:00:09]} 35. Rd1 {[%emt 0:00:57]} Ke7 {[%emt 0:00:20]} 36. Bb5 {[%emt 0:01:55]} Bf7 {[%emt 0:01:41]} 37. Nb4 {[%emt 0:00:12]} a6 {[%emt 0:00:35]} 38. Nc6+ {[%emt 0:00:08]} Kf8 {[%emt 0:00:07]} 39. Nxd8 {[%emt 0:00:04]} axb5 {[%emt 0:00:05]} 40. Nxf7 {[%emt 0:00:00]} 1-0

[Event "EIWCC 2018"]
[Site "Vysoke Tatry"]
[Date "2018.04.08"]
[Round "1"]
[White "Babiy, Olga"]
[Black "Koloditsova, Renata"]
[Result "1-0"]
[WhiteElo "2318"]
[BlackElo "1978"]
[Annotator "TA"]
[PlyCount "61"]
[EventDate "2018.??.??"]
[EventType "swiss"]
[EventCountry "SVK"]
[SourceTitle "playchess.com"]
[Source "ChessBase"]
[SourceQuality "1"]

{[%evp 24,61,22,30,114,112,110,111,112,104,189,129,133,130,206,191,199,209,207,162,256,277,509,503,515,457,532,516,975,922,971,942,866,611,957,974,948,898,2235,2224]} 1. e4 e6 2. d4 d5 3. Nc3 Nf6 4. e5 Nfd7 5. f4 c5 6. Nf3 Nc6 7. Be3 Be7 8. Qd2 O-O 9. dxc5 Bxc5 {C11: French: Classical System: 4 e5 and 4 Bg5 dxe4} 10. O-O-O Qa5 11. a3 a6 12. Bxc5 Nxc5 13. Qe3 {[#] LiveBook: 10 Games} Na4 $146 (13... Ne7 $11) ({Predecessor:} 13... Bd7 14. f5 Qb6 15. Qf4 d4 16. Nxd4 Nxd4 17. Rxd4 exf5 {½-½ (52) Leko,P (2737)-Wang,H (2752) Dortmund 2013}) 14. Nxa4 $16 Qxa4 15. Bd3 Bd7 16. Kb1 f5 {[#]} (16... Rac8 $16) 17. exf6 (17. Rhg1 $1 $18) 17... Rxf6 18. g3 b5 (18... h6 $16) 19. c3 $18 Qa5 20. h4 {[%cal Bh2h4,Bh4h5][%mdl 32]} Qc7 21. Bc2 Na5 (21... h5 $142 22. Ng5 Qa7) 22. h5 Rc8 $2 (22... Nc4 23. Qd3 Rh6) 23. Qd3 {White is clearly winning.} Rh6 24. Ne5 Be8 25. g4 {[%cal Bg3g4,Bg4g5][%mdl 32] [#] Black must now prevent g5.} g6 (25... Kf8 $142 26. Rde1 Nc4) 26. hxg6 Bxg6 27. Nxg6 ({Less strong is} 27. Rxh6 Bxd3 28. Bxd3 Nc4 $16) 27... Rxg6 28. f5 {[%cal Bf4f5,Bf5f6][%mdl 32]} Rg7 29. f6 Rf7 30. g5 Qc4 31. Qh3 {Precision: White = 96%, Black = 20%.} 1-0

[Event "EIWCC 2018"]
[Site "Vysoke Tatry"]
[Date "2018.04.08"]
[Round "1"]
[White "Brunello, Marina"]
[Black "Slaba, Andrea"]
[Result "1-0"]
[WhiteElo "2307"]
[BlackElo "1924"]
[Annotator "TA"]
[PlyCount "97"]
[EventDate "2018.??.??"]
[EventType "swiss"]
[EventCountry "SVK"]
[SourceTitle "playchess.com"]
[Source "ChessBase"]
[SourceQuality "1"]

{[%evp 9,97,75,97,52,77,67,112,41,41,27,136,137,134,129,170,174,178,177,218,151,189,195,159,168,187,160,229,153,147,122,139,95,93,86,92,62,85,0,26,7,64,41,96,29,66,53,140,137,383,395,416,355,370,358,364,293,293,295,432,411,444,381,450,391,511,507,586,578,647,606,1671,1651,1649,1510,1510,907,1268,1260,1244,1234,1616,1493,29983,29979,29991,29992,29992,29993,29993,29994]} 1. e4 {[%cal Be2e4,Be4e5][%mdl 32]} b6 2. d4 Bb7 3. Bd3 e6 4. Nf3 Nf6 5. e5 Nd5 {LiveBook: 9 Games} 6. a3 {B00: Queen's Fianchetto Defence, Nimzowitsch Defence} (6. c3 c5 7. O-O Qc8 8. a3 cxd4 9. cxd4 Ba6 10. Bxa6 Qxa6 11. Nc3 Qc4 12. Ne4 h6 13. Be3 Be7 14. Rc1 Qa6 15. Nc3 Nxe3 16. fxe3 {½-½ (24) Paichadze,L (2489)-Ipatov,A (2536) Konya 2011}) 6... d6 7. O-O (7. c4 $5 {[%cal Rc4d5]} Ne7 8. exd6 cxd6 9. Nc3 $16) 7... Nd7 $146 ({Find the theoretical novelty and annotate with similar games:} 7... f5 8. c4 Ne7 9. Nc3 Nd7 10. exd6 cxd6 11. Ng5 e5 12. Ne6 Qc8 13. Nb5 Kf7 14. Nxd6+ Kxe6 15. Nxc8 Rxc8 {1-0 (32) Seremet,M (1830)-Ferber,R (1660) Selestat 2006}) 8. Qe2 (8. c4 $16 Ne7 9. exd6 cxd6 10. Re1) 8... dxe5 $14 9. dxe5 c6 (9... Nc5 $11 {remains equal.}) 10. c4 $16 Ne7 11. Bf4 Ng6 {[#]} 12. Bg3 $1 Be7 13. Nc3 O-O 14. Bc2 Qc7 15. h4 {[%cal Bh2h4,Bh4h5][%mdl 32]} Rfd8 16. h5 Ngf8 17. Nh2 Bc5 (17... h6 $16 {is a better defense.} 18. Ng4 b5) 18. Rad1 f5 19. Bh4 {And now b4 would win.} Re8 20. b4 Be7 21. Bxe7 Rxe7 22. Nf3 a5 23. Bb3 (23. Rfe1 $16) 23... axb4 24. axb4 Ree8 ({Better is} 24... Qb8 $11) 25. Rfe1 Ra3 ({Black should play} 25... Qd8 $14) 26. Rb1 (26. Nd4 $16) 26... Raa8 27. Qe3 $36 {[%mdl 2048] White fights for an advantage.} Qd8 {[#]} (27... c5 $14) 28. c5 $1 b5 $2 (28... bxc5 $16 29. bxc5 Qc7) 29. Ne2 $18 Qe7 30. Nf4 Nb8 31. Nd4 {[%cal Bf3d4,Bd4c2,Bc2d4][%mdl 32]} Qf7 32. Rbd1 Bc8 33. Nc2 g5 (33... Na6 {might work better.} 34. Rd6 Bb7) 34. hxg6 hxg6 35. Nh3 Nh7 36. Rd6 Kg7 37. Nd4 Bd7 38. Rd1 {[%cal Be1d1,Bd1d3,Bd3g3][%mdl 32]} Ra7 39. Qg3 Kh6 40. Nf4 Nf8 41. Qh4+ Kg7 42. Qg5 Kh7 43. Rd3 Kg8 44. Rg3 Ra1+ 45. Kh2 Qh7+ 46. Rh3 {White mates.} Qg7 47. Ndxe6 Bxe6 48. Nxe6 Qxe5+ 49. Nf4+ {Precision: White = 62%, Black = 29%.} 1-0

[Event "EIWCC 2018"]
[Site "Vysoke Tatry"]
[Date "2018.04.08"]
[Round "1"]
[White "Doluhanova, Evgeniya"]
[Black "Koubova, Anna Marie"]
[Result "1-0"]
[WhiteElo "2304"]
[BlackElo "1819"]
[Annotator "TA"]
[PlyCount "59"]
[EventDate "2018.??.??"]
[EventType "swiss"]
[EventCountry "SVK"]
[SourceTitle "playchess.com"]
[Source "ChessBase"]
[SourceQuality "1"]

{[%evp 9,59,-22,4,2,17,20,21,29,88,77,74,87,84,95,169,165,175,172,166,167,168,168,233,224,230,230,226,223,223,229,214,212,290,286,289,288,275,254,292,290,409,420,405,386,410,323,372,365,464,443,508,489]} 1. d4 d5 2. Bf4 c5 3. e3 Nc6 4. c3 Qb6 5. Na3 (5. Qb3 Nf6 6. Nd2 c4 7. Qc2 Nh5 8. Bg5 h6 9. Bh4 g5 10. Be2 Ng7 11. Bg3 Bf5 12. Qc1 e6 {1-0 (41) Carlsen,M (2832)-So,W (2812) Leuven 2017}) 5... a6 $146 (5... c4 {is more complex.} 6. Qc1 Nf6 7. Nf3 Nh5 8. Bg3 Bf5) ({Predecessor:} 5... cxd4 6. exd4 e5 7. dxe5 Bxa3 8. bxa3 Nge7 9. Nf3 Ng6 10. Bg3 Qa5 11. Qd2 O-O 12. Be2 Re8 {½-½ (22) Foglia,M (2135)-Sbarra,M (2236) Saint Vincent 2008}) 6. Qb3 {D00: 1 d4 d5: Unusual lines} Qxb3 7. axb3 {Strongly threatening Nb5!} Bf5 8. Nf3 {The position is equal.} e6 (8... f6 $1 $11 {remains equal.}) 9. dxc5 $16 Bxc5 10. b4 Be7 {[#]} 11. Nb5 $1 $36 {[%mdl 2560] White has strong initiative.} O-O-O (11... Kd8 $16) (11... axb5 12. Rxa8+) 12. Nbd4 $18 Nxd4 13. Nxd4 Bd6 14. Bxd6 Rxd6 15. b5 axb5 (15... Ne7 $142 16. bxa6 bxa6) 16. Ra8+ ({Not} 16. Nxb5 Rd8 $14) ({Weaker is} 16. Bxb5 Kb8 $16) 16... Kd7 17. Bxb5+ Ke7 18. Re8+ Kf6 19. O-O g6 20. Ra1 Rb6 21. f4 Kg7 22. Raa8 h6 23. Rad8 g5 24. b3 {[%cal Bb2b3,Bb3c4][%mdl 32]} Bg6 (24... gxf4 {keeps fighting.} 25. exf4 h5) 25. c4 dxc4 26. bxc4 Bd3 27. Kf2 g4 28. h4 h5 29. g3 Kh7 30. Ke1 {Precision: White = 96%, Black = 40%.} 1-0

[Event "EIWCC 2018"]
[Site "Vysoke Tatry"]
[Date "2018.04.08"]
[Round "1"]
[White "Eric, Jovana"]
[Black "Serakova, Tatana"]
[Result "1-0"]
[WhiteElo "2300"]
[BlackElo "1633"]
[Annotator "TA"]
[PlyCount "53"]
[EventDate "2018.??.??"]
[EventType "swiss"]
[EventCountry "SVK"]
[SourceTitle "playchess.com"]
[Source "ChessBase"]
[SourceQuality "1"]

{[%evp 11,53,-11,45,-5,-1,-2,45,19,6,-50,-50,-85,-75,-54,-85,-90,-84,-157,-75,-85,65,43,68,47,32,0,35,37,26,-49,180,164,631,622,928,928,919,921,912,912,881,868,1513,419]} 1. e4 c5 2. Nf3 e6 3. b3 a6 4. Bb2 Nc6 5. d4 cxd4 6. Nxd4 Qc7 {LiveBook: 9 Games. B40: Sicilian: 2...e6, Unusual lines} (6... Qf6 $11) (6... Qf6 7. c3 Qg6 8. Nd2 Nf6 9. Qf3 d5 10. Nxc6 dxe4 11. Qe3 bxc6 12. h4 h5 13. O-O-O Be7 14. Be2 {0-1 (30) Krzyzanowski,M (2457)-Tregubov,P (2575) Katowice 2017}) 7. Nc3 Nf6 8. Nxc6 Qxc6 {The position is equal.} (8... dxc6 {seems wilder.} 9. Qd3 e5 10. Be2 Bc5 11. O-O O-O) 9. Qf3 b5 $146 {[%cal Bb7b5,Bb5b4][%mdl 32]} ({Predecessor:} 9... Bb4 10. O-O-O Bxc3 11. Bxc3 Qxe4 12. Qxe4 Nxe4 13. Bxg7 Rg8 14. Bd4 {1-0 (42) Eric,J (2262)-Stefanovic,O (2134) Paracin 2017}) 10. O-O-O ({Better is} 10. e5 $11 Nd5 11. Nxd5 Qxc2 12. Qe2 (12. Qc3 Qe4+ 13. Be2 exd5 $15) 12... Qxe2+ 13. Bxe2 exd5 14. O-O) 10... Bb7 $15 11. Bd3 b4 12. Na4 Nxe4 13. Rhe1 Nc5 14. Qe2 (14. Nxc5 $142 Qxf3 15. gxf3 Bxc5 16. Bxg7) 14... Nxd3+ ({Don't do} 14... Qxg2 15. Rg1 $17) (14... Nxa4 $142 15. bxa4 Qxg2) 15. Qxd3 O-O-O ({Black should try} 15... Rd8 $17 16. Bd4 a5) 16. Qg3 {[%mdl 1024] White has compensation.} Rg8 17. Bd4 {[#] Nb6+ is the strong threat.} Bd6 18. Qd3 Bf4+ ({But not} 18... Bxh2 $2 19. g3 $16) 19. Kb1 Bc7 ({Wrong is} 19... Bxh2 $2 20. g3 $18) 20. c3 (20. f3 $11) 20... a5 $2 (20... Qxg2 $15 {stays ahead.} 21. Ba7 Qg6 22. Nb6+ Bxb6 23. Bxb6 Rde8 24. cxb4 e5) 21. cxb4 $18 {[#] And now Rc1 would win.} axb4 $2 (21... Qxg2 22. Bb6 Qg6) 22. Rc1 {White is clearly winning.} Ba6 23. Qe3 Qb5 24. Bb6 Qd3+ 25. Qxd3 Bxd3+ 26. Kb2 d5 27. Rxc7+ {Precision: White = 24%, Black = 29%.} 1-0

[Event "EIWCC 2018"]
[Site "Vysoke Tatry"]
[Date "2018.04.08"]
[Round "1"]
[White "Osmanodja, Filiz"]
[Black "Muzychuk, Mariya"]
[Result "0-1"]
[WhiteElo "2300"]
[BlackElo "2540"]
[Annotator "TA"]
[PlyCount "122"]
[EventDate "2018.??.??"]
[EventType "swiss"]
[EventCountry "SVK"]
[SourceTitle "playchess.com"]
[Source "ChessBase"]
[SourceQuality "1"]

{[%evp 24,122,18,24,87,91,79,90,83,80,106,100,96,78,83,83,75,79,92,81,84,72,87,86,92,51,89,82,85,80,103,92,120,68,97,52,52,52,54,54,97,45,30,9,25,0,1,-31,-16,-31,0,-73,0,34,35,0,0,1,36,35,30,35,35,35,0,-307,324,-314,-264,-502,-206,-206,-206,-625,-475,-556,-303,-546,-539,-733,-704,-1619,-1794,-1784,-1782,-1470,-1672,-1617,-1309,-29979,-29979,-29979,-29980,-29980,-29981,-29981,-29982,-29982,-29983,-29982,-29983]} 1. e4 c5 2. Nc3 e6 3. Nf3 a6 4. d4 cxd4 5. Nxd4 Qc7 6. Bd3 Nf6 7. O-O Nc6 8. Nxc6 bxc6 9. Bg5 Be7 {B46: Sicilian: Taimanov: 5 Nc3 a6} 10. Qe2 h6 11. Bh4 d5 12. e5 Ng8 13. Bg3 {[#] LiveBook: 3 Games} Bc5 $146 (13... h5 $11) ({Find the theoretical novelty and annotate with similar games:} 13... h5 14. Bf4 c5 15. b3 Bb7 16. Bd2 g6 17. Nd1 Nh6 {½-½ (26) Sedlak,N (2564)-Volokitin,A (2660) Turin 2006}) 14. Na4 $16 Ba7 15. Qg4 Kf8 16. c4 Ne7 17. c5 Nf5 18. Bxf5 exf5 19. Qd4 Be6 20. f4 Kg8 21. Be1 Rb8 22. b4 Kh7 23. a3 {[%cal Ba2a3,Ba3a4][%mdl 32]} Qb7 24. Bc3 Rbg8 25. Nb2 Bb8 26. a4 g5 27. Nd3 Rg6 28. Kh1 (28. Bd2 $16) 28... Rhg8 29. g3 Bc7 30. Rfb1 Bd8 31. Bd2 g4 32. Be3 (32. b5 $16) 32... h5 $14 33. Kg2 h4 34. Bf2 Rh6 35. Rh1 Kg6 36. gxh4 Bxh4 37. h3 {[#]} (37. Bxh4 $11 {keeps the balance.} Rxh4 38. h3) 37... Rgh8 (37... g3 $1 $17 {[%cal Rg3f2][%mdl 512]} 38. Be1 (38. Bxg3 Kh7) 38... Kh7) 38. hxg4 fxg4 39. f5+ Bxf5 {...Be4+ is the strong threat.} 40. Nf4+ Kg7 41. Bxh4 Rxh4 42. e6+ f6 $1 {[%cal Bf7f6,Bf6e5][%mdl 32]} 43. Rxh4 Rxh4 44. b5 $2 {[%mdl 8192]} (44. Re1 $11 {and White is okay.} Qe7 45. Qf2) 44... Rh8 $4 {[%mdl 8192] [#]} ({Not} 44... cxb5 45. Nxd5 Rh6 46. e7 $11) (44... axb5 45. Re1 $11) (44... Be4+ $1 $19 {and life is good for Black.} 45. Kf2 Qb8) 45. Kg3 $4 {[%mdl 8192] [#]} (45. Re1 $1 $18 {is the narrow road to win.}) 45... Qb8 $1 $19 {Strongly threatening ...Rh3+.} ({Weaker is} 45... axb5 46. axb5 Qb8 47. e7 $19) 46. Rf1 $2 (46. Re1 axb5 47. axb5 Qxb5 48. e7) 46... Qe5 (46... axb5 $142 47. axb5 Qxb5) 47. Qxe5 fxe5 {[%mdl 4096] Endgame KRB-KRN} 48. Ng2 $2 (48. Nxd5 Rh3+ 49. Kf2 axb5 50. e7 Rf3+ 51. Kg2) 48... Bxe6 49. b6 Rh3+ 50. Kf2 Rb3 51. Ne3 g3+ {[%cal Bg4g3,Bg3g2][%mdl 32]} 52. Ke2 d4 53. Nf5+ Bxf5 54. Rxf5 {KR-KR} e4 55. Rf4 Rb2+ 56. Kf1 g2+ {Black mates.} 57. Kg1 d3 58. Rxe4 d2 59. Rg4+ Kf6 60. Rd4 Rb1+ 61. Kxg2 d1=Q {Precision: White = 42%, Black = 45%.} 0-1

[Event "EIWCC 2018"]
[Site "Vysoke Tatry"]
[Date "2018.04.08"]
[Round "1"]
[White "Worek, Joanna"]
[Black "Dzagnidze, Nana"]
[Result "0-1"]
[WhiteElo "2295"]
[BlackElo "2507"]
[Annotator "TA"]
[PlyCount "128"]
[EventDate "2018.??.??"]
[EventType "swiss"]
[EventCountry "SVK"]
[SourceTitle "playchess.com"]
[Source "ChessBase"]
[SourceQuality "1"]

{[%evp 23,127,-13,0,-25,-8,-22,-19,-28,5,-32,9,-22,0,0,0,-80,-79,-79,-68,-62,-61,-64,-79,-77,-70,-58,-70,-117,-82,-131,-72,-159,-160,-171,29992,-145,-120,-153,-142,-137,-129,-193,-116,-160,-166,-169,-147,-199,-141,-204,-202,-284,-293,-294,-287,-316,-266,-318,-276,-276,-267,-267,-258,-254,-271,-282,-274,-281,-272,-288,-267,-247,-193,-391,-391,-385,-385,-383,-383,-373,-372,-633,-633,-597,-587,-617,-591,-564,-544,-680,-493,-422,0,-569,-412,-5583,-1346,-5169,-5202,-29992,-29993,-29993,-29994,-29994,-29995,-29999]} 1. e4 c5 2. Nf3 e6 3. d4 cxd4 4. Nxd4 a6 5. Bd3 Bc5 6. Nb3 Ba7 7. O-O Nc6 8. Nc3 Nf6 9. Qe2 d6 10. Be3 Bxe3 11. Qxe3 O-O 12. Rad1 b5 {LiveBook: 3 Games. B42: Sicilian: Kan Variation: 5 Bd3} 13. Kh1 (13. Be2 Qc7 14. a3 Rd8 15. Rd2 {½-½ (15) Kunte,A (2499)-Fominyh,A (2529) Mumbai 2003}) 13... Bb7 14. f4 b4 $146 {The position is equal.} ({Predecessor:} 14... Nb4 15. Ne2 Qc7 16. Qh3 h6 17. Ng3 a5 18. Nd2 Rfe8 19. Nf3 a4 20. Rde1 {1-0 (31) Garcia Carbo,M (2355)-Perez Fungueiro,M (2300) Cambados 2005}) 15. Ne2 e5 16. c4 exf4 17. Rxf4 Re8 18. Ng3 Ne5 19. Rdf1 (19. Nf5 $11) 19... Nfg4 $17 20. Qg1 ({But not} 20. Rxg4 $2 Nxg4 21. Qf4 Ne5 $19) 20... Nxd3 21. Rxg4 Bc8 22. Nf5 Bxf5 $1 23. Rxf5 Rc8 24. Nd2 Ne5 $36 {[%mdl 2048] Black fights for an advantage.} 25. Rgf4 Nxc4 26. Qd4 Qb6 ({Better is} 26... Ne5 27. Rf1 a5) 27. Qd5 (27. Qxb6 $142 Nxb6 28. Rxf7) 27... Ne5 28. h3 Rc5 $4 {[%mdl 8192] [#]} (28... Kh8 $19 29. Rf1 f6) 29. Qb3 $2 (29. Rxe5 $1 {[%mdl 512] mates} h6 (29... dxe5 30. Qxf7+) 30. Qxf7+ Kh8 31. Rxe8+ Kh7 32. Qg8+ Kg6 33. Re6+ Kg5 34. Rg4+ Kh5 35. Qf7+ g6 36. Qxg6#) 29... Rc1+ 30. Rf1 Rxf1+ 31. Rxf1 Qb5 32. Rf5 (32. Rc1 $17 {is a better defense.}) 32... Qc5 (32... g6 $19 33. Rf2 Rc8) 33. Kh2 g6 34. Rf1 Kg7 35. Nf3 (35. Qg3 $17) 35... Qc4 (35... a5 $19 36. Nd2 Qd4) 36. Qd1 (36. Qxc4 $17 Nxc4 37. Rd1) 36... Qxa2 $19 37. b3 (37. Nxe5 $142 dxe5 38. b3) 37... Qb2 38. Nd4 Qc3 39. Qa1 Qe3 40. Qa4 Rb8 41. Nc6 {[#]} Nxc6 $1 42. Qxc6 Qxb3 {Threatens to win with ...Qe6.} 43. Qxd6 {[%mdl 4096] Endgame KQR-KQR} Re8 44. Qf6+ Kg8 {aiming for ...Qc4.} 45. Qxa6 Qe6 46. Qb7 Qe7 47. Qd5 Rb8 {...b3 is the strong threat.} 48. e5 $2 (48. Rb1 {was worth a try.}) 48... b3 {[%cal Bb4b3,Bb3b2][%mdl 32]} 49. Qd6 Qe8 (49... Qxd6 50. exd6 b2 51. Rb1 $19) 50. Re1 {intending e6.} b2 51. Rb1 Rb5 52. g3 $2 (52. Kh1) 52... Qb8 53. Qd4 Qb6 54. Qd2 Rb3 55. h4 Kg7 56. Qf4 Qc6 57. Qf2 Qb6 58. Qf4 $1 h5 59. Rf1 (59. Qd2 $142) 59... Qe6 ({Not} 59... b1=Q 60. Qxf7+ Kh6 61. Qf8+ Kh7 62. Rf7#) (59... Qc7 $142 60. Qe4 Qc1) 60. Rb1 Qf5 61. Qd4 Qc2+ {Black mates.} 62. Kh3 Qxb1 {[%cal Rb1h1]} 63. e6+ Kh7 {[%cal Rb1h1]} 64. e7 Qh1# {Precision: White = 27%, Black = 43%.} 0-1

[Event "EIWCC 2018"]
[Site "Vysoke Tatry"]
[Date "2018.04.08"]
[Round "1"]
[White "Injac, Teodora"]
[Black "Goryachkina, Aleksandra"]
[Result "1/2-1/2"]
[WhiteElo "2290"]
[BlackElo "2495"]
[Annotator "TA"]
[PlyCount "68"]
[EventDate "2018.??.??"]
[EventType "swiss"]
[EventCountry "SVK"]
[SourceTitle "playchess.com"]
[Source "ChessBase"]
[SourceQuality "1"]

{[%evp 18,68,28,34,27,33,27,29,32,34,28,15,25,25,66,33,43,24,71,70,70,71,70,78,83,51,70,60,83,42,41,27,34,7,7,11,17,0,0,0,0,0,0,0,0,0,0,0,0,0,0,0,0]} 1. d4 d5 2. Bf4 Nf6 3. e3 c5 4. Nf3 Nc6 5. c3 Qb6 6. Qc2 g6 {D02: 1 d4 d5 2 Nf3 sidelines, including 2...Nf6 3 g3 and 2...Nf6 3 Bf4} 7. Nbd2 Bg7 8. h3 O-O 9. Be2 Bf5 10. Qb3 {LiveBook: 3 Games} c4 11. Qxb6 axb6 12. g4 Be6 (12... Bd7 13. Ne5 Bc8 14. Bf3 {½-½ (53) Boruchovsky,A (2542)-Reshef,O (2467) Israel 2018}) 13. a3 b5 14. Rd1 $146 ({Predecessor:} 14. Ne5) 14... Ra6 15. Kf1 Rfa8 16. Kg2 h6 17. Ne5 g5 18. Bg3 Ne4 19. Nxe4 dxe4 20. f4 {[%cal Bf2f4,Bf4f5][%mdl 32]} Rd8 21. f5 {[#] Nxc6 is the strong threat.} Bd5 22. h4 f6 23. Nxc6 bxc6 24. Rd2 e6 25. hxg5 hxg5 {The position is equal.} 26. Rdd1 Raa8 27. Bc7 Rd7 28. Bb6 Bf8 29. Rh3 Rh7 30. Rxh7 Kxh7 31. Bc5 Kg7 32. Bxf8+ Rxf8 33. Rh1 Rd8 34. Kg3 Rc8 {Precision: White = 66%, Black = 64%.} 1/2-1/2